000 00916nam a2200265Ia 4500
003 OSt
005 20221005112357.0
006 a|||||r|||| 00| 0
007 ta
008 221004b |||||||| |||| 00| 0 pan d
020 _a9789352312948 (pbk)
_cINR 350.00
024 _a44821
037 _b1063, 12/02/2019, H.K. Prakashan
_cTextual
040 _aCRL
_cCRL
_bpan
041 _2pan
_apan
082 _aO153,1J38:g, Q8
100 _aਸੁੱਖ, ਨੈਣ, ਂਚ.
245 0 _aਮਾਧੇ ਲਾਲ ਹੁਸੈਨ
260 _aਸਮਾਣਾ
_bਸੰਗਮ ਪਬਲੀਕੇFਨਗ਼ ਭਾਰਤ
_c2018
300 _a350ਪ੍ਰ0
_ccm.
650 _a ਪੰਜਾਬੀ ਕਾਵਿ
650 _aਪੰਜਾਬੀ ਸਾਹਿਤ
942 _hO153,1J38:g, Q8
_cTEXL
_2cc
999 _c1024704
_d1024704